Kings and queens of great britain a very peculiar story (Record no. 123277)

MARC details
000 -LÍDER
campo de controle de tamanho fixo 01020 a2200253 4500
001 - NÚMERO DE CONTROLE
campo de controle 123277
020 ## - ISBN - INTERNATIONAL STANDARD BOOK NUMBER
ISBN - International Standard Book Number 9781907184772
040 ## - FONTE DA CATALOGAÇÃO
Instituição que transcreveu o registro Escola Canadense de Niteroi
090 ## - NÚMERO DE CHAMADA LOCAL
Número de chamada (OCLC) (R); Número de chamada, CALL (RLIN) (NR) K1 - MAS
100 ## - ENTRADA PRINCIPAL--NOME PESSOAL
Nome pessoal Mason, Antony
245 10 - TÍTULO
Título Kings and queens of great britain a very peculiar story
250 ## - EDIÇÃO
Edição 1st. ed.
260 ## - PUBLICAÇÃO, DISTRIBUIÇÃO, ETC.
Local de publicação, distribuição, etc. Brighton
300 ## - DESCRIÇÃO FÍSICA
Extensão 177 p.
Dimensões 9 x 0.8 x 6.1 inches (hardcover)
362 0# - DATAS DE PUBLICAÇÃO E/OU DESIGNAÇÃO SEQUENCIAL
Datas de publicação e/ou designação sequencial 2014
490 0# - TÍTULO DA SÉRIE
Título da série Very peculiar history
520 ## - NOTA DE RESUMO, ETC
Resumo, etc. Which kings guards massacred his supporters by mistake? Who had an oversized tongue and slobbered when he ate? Who survived seven assassination attempts? It wasnt all thrones and scepters for British monarchs. Some were batty, others vicious, and some became much-loved icons. Meet these rulers, discover their bizarre habits, and enjoy quirky stories, fascinating facts, and fun lists.
650 #4 - ASSUNTO--TERMO TÓPICO
Cabeçalho tópico ou nome geográfico Royalty
650 #4 - ASSUNTO--TERMO TÓPICO
Cabeçalho tópico ou nome geográfico European History
650 #4 - ASSUNTO--TERMO TÓPICO
Cabeçalho tópico ou nome geográfico Juvenile Literature
650 #4 - ASSUNTO--TERMO TÓPICO
Cabeçalho tópico ou nome geográfico Non-Fiction
650 #4 - ASSUNTO--TERMO TÓPICO
Cabeçalho tópico ou nome geográfico Kings and Queens
942 ## - ELEMENTOS DE ENTRADA ADICIONADOS (KOHA)
Tipo de material Koha Livros
Holdings
Situação do descarte Situação das perdas Situação física Não pode ser emprestado Biblioteca de origem Biblioteca atual Data de aquisição Total de empréstimos Número de chamada completo Código de barras Data de último acesso Data do preço efetivo Tipo de material Koha
        Canadian School of Niterói - Piratininga Canadian School of Niterói - Piratininga 09/02/2024   K1 - MAS A07457 09/02/2024 09/02/2024 Livros